000 00607nam a22002297a 4500
003 UA-OsUOA
001 105897
007 ta
008 20140416b un ||||| |||| 00| 0 ukr d
100 _aЛісовий А.
090 _a330.101.542(075.8)
_bЛ63
942 _cBK
040 _aUA-OsUOA
_bukr
_cUA-OsUOA
_dUA-OsUOA
245 _aМікроекономіка
_bнавчальний посібник
300 _a191 с.
955 _a2
041 _aukr
080 _a330.101.542(075.8)
260 _aК.
_bЦУЛ
_c2003
650 7 _a330 Економіка взагалі
_2UDC
999 _c392080
_d392080